000 00275nam a2200109Ia 4500
008 190914s9999||||xx |||||||||||||| ||und||
100 _aPeyvandi Nancy
245 0 _aManagerial Accounting Using Excel
260 _aNew Delhi
_bBantam Books
_c2005
300 _a730
942 _cBK
999 _c9245
_d9245